| 000 | 00757cam a2200289 4500 | ||
|---|---|---|---|
| 001 | J90659 | ||
| 008 | 090401t1998 xxu||||| |||| 00| 0 eng d | ||
| 035 | _a(Sirsi) u85128 | ||
| 041 | _aeng | ||
| 050 | _a728.5 | ||
| 110 |
_aPannell Kerr Forster _9232 |
||
| 245 | _aHotel design and construction in the UK. | ||
| 250 | _a2nd ed. | ||
| 260 |
_aLondon _bPannell Kerr Forster _c1998 |
||
| 300 | _a54p. ; 30cm. | ||
| 350 | _a250 | ||
| 520 | _aSponsored by Bovis. | ||
| 650 | _aBUILT ENVIRONMENT-BUILDING COSTS | ||
| 650 | _aBUILT ENVIRONMENT-CONSTRUCTION DESIGN | ||
| 650 | _aDEVELOPMENT COSTS | ||
| 650 | _aHOTEL DEVELOPMENT | ||
| 650 | _aHOTELS | ||
| 650 | _aPLANNING | ||
| 690 | _aBUILT ENVIRONMENT | ||
| 942 | _n0 | ||
| 948 | _c23/03/1998 | ||
| 999 |
_c97006 _d97006 |
||